000 01424nam a22003494a 4500
001 ebr10030918
003 CaPaEBR
006 m u
007 cr cn|||||||||
008 020517s2002 enk sb 001 0 eng
010 _z 2002071564
020 _z052180910X
020 _z0521006058 (pbk.)
040 _aCaPaEBR
_cCaPaEBR
035 _a(OCoLC)56606437
050 1 4 _aHQ796
_b.W6385 2002eb
082 0 4 _a305.235
_221
245 0 4 _aThe world's youth
_h[electronic resource] :
_badolescence in eight regions of the globe /
_cedited by B. Bradford Brown, Reed W. Larson, T.S. Saraswathi.
260 _aCambridge, UK ;
_aNew York :
_bCambridge University Press,
_c2002.
300 _axi, 369 p.
504 _aIncludes bibliographical references and index.
533 _aElectronic reproduction.
_bPalo Alto, Calif. :
_cebrary,
_d2013.
_nAvailable via World Wide Web.
_nAccess may be limited to ebrary affiliated libraries.
650 0 _aAdolescence
_vCross-cultural studies.
650 0 _aYouth
_vCross-cultural studies.
650 0 _aTeenagers
_vCross-cultural studies.
655 7 _aElectronic books.
_2local
700 1 _aBrown, B. Bradford
_q(Benson Bradford),
_d1949-
700 1 _aLarson, Reed,
_d1950-
700 1 _aSaraswati, T. S.
710 2 _aebrary, Inc.
856 4 0 _uhttp://site.ebrary.com/lib/rucke/Doc?id=10030918
_zAn electronic book accessible through the World Wide Web; click to view
999 _c174835
_d174835